Pemikiran politik Ibnu Taymiyyah

Bibliographic Details
Main Author: Khan, Qamar-ud-Din , 1916- (Author)
Format: Book
Published: Bandung : Penerbit Perpustakaan Salaman , 1983
Subjects:

MARC

LEADER 00000cam a2200000 7i4500
001 0000002367
005 20170514093000.0
008 021118s1983
090 0 0 |a BP173.6   |b .K426 
100 0 |a Khan, Qamar-ud-Din ,   |d 1916- ,   |e author 
240 0 4 |a The political thought of Ibn Taymiyah   |l [Bahasa Indonesia] 
245 0 0 |a Pemikiran politik Ibnu Taymiyyah   |c Qamaruddin Khan 
260 2 |a Bandung :   |b Penerbit Perpustakaan Salaman ,   |c 1983 
300 |a 361 ms. ;   |c 17 sm. 
501 |a Mengandungi indeks 
501 |a Terjemahan: The political thought of Ibn Taymiyah 
650 0 |a Islam and state 
999 |a 1000007571   |b Book   |c OPEN SHELF (30 DAYS)   |e Gong Badak Campus 
999 |a 1000007572   |b Book   |c OPEN SHELF (30 DAYS)   |e Gong Badak Campus